00670nam a2200193 i 450000100060000000300090000600500170001500700030003200800410003510000230007624500810009926000410018030000270022170000230024870000340027185200320030599900170033795201220035429282ES-MaACL20230906154014.0t|030121s1965 sp ||||1| spa d1 aBariety, M.92564910aNosología / cpor M. Bariety y R. Bonniot ; versión H. Bozzi de Pelèz. aBarcelona : bToray Masson, c[1965] aXVI, 532 p. ; c25 cm.1 aBonniot, R.9302851 aBozzi de Pélaez, H.9126139 aES-MaACLjC-28007 bR.56885 c29282d29282 00104070aATENEOMbATENEOMcDEPO2d2008-01-17eSCl0oC-28007p1030230r2023-02-23 00:00:00w2023-02-23yMONOGRAFIA